| 000 | 00691nam a2200205 ar4500 | ||
|---|---|---|---|
| 001 | 3102 | ||
| 005 | 20221127090658.0 | ||
| 008 | 130218s xxu a 00110|eng d | ||
| 020 | _a9780070393622(hpb) | ||
| 082 | 0 | 4 |
_a660.2815 _bM344 2000 |
| 100 | 1 | _aMarlin, Thomas E. | |
| 245 | 1 | 0 |
_aProcess control : _bdesigning processes and control systems for dynamic performance / _cThomas Marlin. |
| 250 | _a2nd ed. | ||
| 260 |
_aBoston, Mass. : _bMcGraw-Hill, _c2000. |
||
| 300 |
_axxxiii, 1017 p. : _bill. ; _c24 cm. |
||
| 440 | 0 | _aMcGraw-Hill chemical engineering series. | |
| 504 | _aIncludes bibl. references and index. | ||
| 650 | 4 | _aChemical process control. | |
| 650 | 4 | _aChemical engineering. | |
| 999 |
_c3100 _d3100 |
||